Major league sports team or not - Statistics

General Stats
  • This quiz has been taken 85 times
  • The average score is 4 of 8
Answers on the Grid
Answers color-coded by a green-red scale on the quiz's grid according to % correct below.
Toronto Blue Jays
Oakland Athletic
Arizona coyotes
Phoenix suns
Maimi Dolphins
Salt lake City Chiefs
Utah Hockey Team
Miami FC
Lebron James FC
Seattle Mariners
Chicago black soxs
Boston Cubs
Washington Commanders
Click here free
Las vegas Raiders
Montreal Expos
 
Answer Stats
Answer % Correct
Toronto Blue Jays
93%
Maimi Dolphins
58%
Washington Commanders
48%
Phoenix suns
45%
Click here free
40%
Las vegas Raiders
40%
Seattle Mariners
38%
Utah Hockey Team
35%
No matching quizzes found
Score Distribution
Percent of People with Each Score
Percentile by Number Answered
Your Score History
You have not taken this quiz